000 00514nam a2200181Ia 4500
005 20250326124711.0
008 250326s9999 xx 000 0 und d
037 _aTextbook
040 _aFMSL
_beng
_cFMSL
041 _aeng
_2eng
084 _aX:89A K81
_qFMSL
100 _aWilson S R
_9313077
245 0 _aImproving profits integrated
_cWilson S R; Tomb J O
260 _aNew Jersey
_bNew Jersey, Prentice-Hall
_c1968
300 _a162p
942 _cTB
_hX:89A K81
999 _c1274811
_d1274811